00421 2200169 4500001002100000008004100021035002000062245002700082100001600109260003000125300001300155020002200168084001400190082000800204650002000212990001900232INLIS000000000001489 ind  a0010-0724001489 a4 FriendscMettu Maria aMettu Maria aJogJakarta ::bAndic2009 a328 hlm. a978-979-29-0117-7 a813 MET f a813 aFiksi Indonesia aP29/CP/24/1489